000 00669nam a2200241 4500
003 OSt
005 20260601193838.0
008 260507b1975 xxua|||| |||| 00| 0 eng d
020 _a08076 07932
040 _aICI
_beng
_cICI
041 _aeng
050 _aNK1390
_bH36 1975
100 1 _aDonal J/ Bush
245 1 _aThe Streamlined Decade
_cDavid A. Hanks and Anne Hoy
250 _a1975 edition
264 _bGeorge Brazikkier • New York
_c1975
300 _a214 páginas :
_billustrations ;
336 _atexto
_2rdacontent
337 _asin medio
_2rdamedia
338 _avolumen
_2rdacarrier
500 _a Uno De mis Libros favoritos
942 _2lcc
_cB
_n1
999 _c21307
_d21307